Sports Quiz

Random Sports or Basketball Quiz

NBA Opening Night Assists Quiz Stats

 Plays Quiz not verified by Sporcle

Score 0/10 Timer 03:00
0 Plays Today
Game Player % Correct
11/03/1989 Utah vs. DenverJohn Stockton
96%
10/26/2010 Boston vs. MiamiRajon Rondo
96%
10/31/1997 Phoenix vs. L.A. ClippersJason Kidd
79.2%
11/02/1990 Boston vs. ClevelandLarry Bird
76.2%
11/02/1990 Golden State at DenverTim Hardaway
72.3%
11/05/1993 Atlanta vs. IndianaMookie Blaylock
61.4%
10/26/1985 L.A. Lakers at San AntonioMichael Cooper
28.7%
11/05/1993 Indiana at AtlantaPooh Richardson
23.8%
11/02/1990 Minnesota vs. DallasPooh Richardson
23.8%
11/03/1989 Boston vs. MilwaukeeJohn Bagley
9.9%

You're not logged in!

Compare scores with friends on all Sporcle quizzes.
OR
Log In

Show Comments

Extras

Top Quizzes Today


Score Distribution

Your Account Isn't Verified!

In order to create a playlist on Sporcle, you need to verify the email address you used during registration. Go to your Sporcle Settings to finish the process.

Report this User

Report this user for behavior that violates our Community Guidelines.

Details: